000 00460nam a22001457a 4500
082 _aP-417
100 _aCQMS M. Fahim
_948159
245 _aPetrofitting of existing buildings and bridges columns using frp (fiber reinforced polymer) sheets
_cCQMS M. Fahim, GC Kewan Gilani
260 _aRisalpur
_bMCE
_c2009
300 _axiv, 109 p:
526 _a0
_b0
_c0
_dP_417
650 _aProject
700 _aLt Col Dr Muhammad Naseem Baig
_948160
942 _2ddc
_cBK
999 _c551178
_d551178